[Event "EU-ch 25th"]
[Site "Eforie Nord"]
[Date "2025.03.26"]
[Round "11"]
[White "Moraru, Stefan Robert"]
[Black "Robescu, Andrei Georgian"]
[Result "0-1"]
[WhiteElo "1571"]
[BlackElo "1613"]
[PlyCount "66"]
[EventDate "2025.03.15"]
[EventType "swiss"]
[EventRounds "11"]
[EventCountry "ROU"]
[SourceTitle "CB13_2025"]
[SourceDate "2025.03.26"]
[SourceVersion "1"]
[SourceVersionDate "2025.03.26"]
[SourceQuality "1"]

1. e4 c5 2. Nf3 g6 3. d4 cxd4 4. Nxd4 Nf6 5. f3 d6 6. Nc3 Bg7 7. Be3 a6 8. Qd2 h5 9. a4 Nc6 10. Bc4 Bd7 11. Nd5 Nxd5 12. Bxd5 Qc7 13. 0-0 0-0 14. Bxc6 bxc6 15. Bh6 Qb6 16. Bxg7 Kxg7 17. Kh1 c5 18. Nb3 Qb4 19. Qxb4 cxb4 20. a5 Rfc8 21. Rf2 Rc4 22. Rd2 f6 23. Nd4 Rac8 24. b3 R4c5 25. Rc1 Rxa5 26. f4 Kf7 27. Nf3 Be6 28. Nd4 Rac5 29. Kg1 a5 30. Kf2 Rc3 31. Ra1 R3c5 32. Ke3 Ra8 33. Rf2 Bd7 0-1

[Event "EU-ch 25th"]
[Site "Eforie Nord"]
[Date "2025.03.18"]
[Round "4"]
[White "Moraru, Stefan Robert"]
[Black "Helmer, Janos"]
[Result "0-1"]
[WhiteElo "1571"]
[BlackElo "1928"]
[PlyCount "102"]
[EventDate "2025.03.15"]
[EventType "swiss"]
[EventRounds "11"]
[EventCountry "ROU"]
[SourceTitle "CB13_2025"]
[SourceDate "2025.03.26"]
[SourceVersion "1"]
[SourceVersionDate "2025.03.26"]
[SourceQuality "1"]

1. e4 c5 2. Nf3 d6 3. d4 cxd4 4. Nxd4 Nf6 5. f3 a6 6. Nc3 e5 7. Nb3 Be6 8. Bg5 Be7 9. Bxf6 Bxf6 10. Be2 0-0 11. Qd3 Be7 12. 0-0-0 Re8 13. h4 Nd7 14. g4 Rc8 15. g5 Nb6 16. Qd2 Qc7 17. Kb1 Red8 18. h5 d5 19. exd5 Nxd5 20. Nxd5 Bxd5 21. Qc1 Qc6 22. Rh3 Be6 23. Rxd8+ Rxd8 24. Rg3 Bf5 25. Na5 Qc7 26. Nc4 Bc5 27. Ka1 b5 28. Na3 Bxa3 29. bxa3 Qxc2 30. Qxc2 Bxc2 31. Rg1 Rd2 32. Re1 Kf8 33. Bf1 Rd1+ 34. Rxd1 Bxd1 35. h6 Bxf3 36. Kb2 gxh6 37. gxh6 Ke7 38. Kc3 f5 39. Kd3 Bd5 40. Bh3 Kf6 41. Ke3 Kg5 42. a4 Bxa2 43. a5 Bd5 44. Bf1 Kxh6 45. Bd3 Kg5 46. Bb1 h5 47. Kf2 h4 48. Kg1 f4 49. Bd3 e4 50. Be2 f3 51. Bf1 e3 0-1